Score 0/15 Timer 01:00
0 Plays Today
Question Answer Wrong Answers
Name the electronic that uses ink Printer
100%
Fridge
0%
Phone
0%
Tablet
0%
What time does one day end and another day starts 12:00
94.4%
7:00
0%
6:00
0%
11:45
0%
What does Christmas represent? Jesus's birth
94.4%
Jesus's death
5.6%
A Duet contains... 2 people
94.4%
3 people
0%
6 people
0%
an entire city
0%
What is 100/5 20
94.4%
10
0%
30
5.6%
31
0%
What is Pi 3.141592
94.4%
4.877321
5.6%
1.111111
0%
9.232311
0%
Bronze = 3rd Silver = 2nd ____ = 1st Gold
94.4%
Lithium
0%
Sand
5.6%
Ruby
0%
What is the main holiday of October Halloween
88.9%
Thanksgiving
0%
Christmas
0%
There's the superhero and the ______ sidekick
83.3%
teammate
0%
helper
5.6%
what is the square root of 225 15
72.2%
8
5.6%
4
0%
2
0%
Because there is no symbol on the keyboard for this people use '/' whats that symbol the division symbol
66.7%
the pi symbol
5.6%
a smile
5.6%
How many questions are in this quiz? 15
55.6%
20
0%
31
0%
22
0%
Is Earth's official name Earth No
27.8%
Yes
61.1%
What do people use as their writing utensil when using ink Feather
11.1%
Pencil
0%
Pen
83.3%
Brush
5.6%
Is flipping a coin random No
5.6%
Yes
88.9%
Remove Ads.
Support Sporcle.
Get the best of Sporcle when you Go Orange. This ad-free experience offers more features, more stats, and more fun while also helping to support Sporcle. Thank you for becoming a member.

You're not logged in!

Compare scores with friends on all Sporcle quizzes.
OR
Log In

Sporcle TV

Today on Sporcle TV


Watch our educational content, quiz creation guides, and fun videos on Sporcle TV.

Show Comments

Extras

Created Nov 23, 2017ReportNominate

Top Quizzes Today


Score Distribution

Paid Content

Your Account Isn't Verified!

In order to create a playlist on Sporcle, you need to verify the email address you used during registration. Go to your Sporcle Settings to finish the process.

Report this User

Report this user for behavior that violates our Community Guidelines.

Details: